01059nam a2200277Ia 4500003000400000005001700004008004100021020001800062040001800080041000800098082002100106100002700127245008500154250001600239260005600255300002500311650003300336650005100369650005200420650004800472650002800520700002600548942003000574999001900604952015800623OSt20220106193759.0210716s2011 xx 000 0 und d a9789325982390 cAIMIT LIBRARY aeng a001.42 22bCHAD aChawla, Deepak.912634 aResearch methodology: bConcepts and cases /cby Deepak Chawla and Neena Sondhi. a2nd. ed . - aNew Delhi:bVikas Publishing House Pvt Ltd,c2011. axxx,789p. ; 27.5 cm. aResearch Methodology.912635 aDevelopment of the Research hypotheses.912636 aQuantitative Methods of Data Collection.912637 aCorrelation and Regression Analysis.912638 aData Processing.912639 aSondhi, Neena.912640 2ddccBKe2ndm001.42 CHAD c209815d209815 00102ddc40708MBAaAIMITbAIMITcRMd2016-09-15g550.00l4o001.42 CHADpMBA12381q2024-11-28r2024-10-29 00:00:00s2024-10-29v440.00w2021-07-16yBK